Central Library OPAC University of Rajshahi

Bell and baldwin : (Record no. 67977)

MARC details
000 -LEADER
fixed length control field 00815nam a22002417a 4500
001 - CONTROL NUMBER
control field 67977
003 - CONTROL NUMBER IDENTIFIER
rucl marc code BD-RjUL
005 - DATE AND TIME OF LATEST TRANSACTION
control field 20211209081722.0
008 - FIXED-LENGTH DATA ELEMENTS--GENERAL INFORMATION
fixed length control field 170329s1964 ca b|||| |||| 001 0 eng d
035 ## - SYSTEM CONTROL NUMBER
System control number (BD-RjUL)68186
040 ## - CATALOGING SOURCE
Original cataloging agency BD-RjUL
Language of cataloging eng
Transcribing agency BD-RjUL
041 ## - LANGUAGE CODE
Language code of text/sound track or separate title eng
082 ## - DEWEY DECIMAL CLASSIFICATION NUMBER
Edition number 23
Classification number 629.130092
Author mark and year PAB 1964
100 1# - MAIN ENTRY--PERSONAL NAME
Personal name Parkin, J. H.
9 (RLIN) 201482
245 10 - TITLE STATEMENT
Title Bell and baldwin :
Remainder of title their development of aerodromes and hydromes at Baddeck, Nova Scotia /
Statement of responsibility, etc. J. H. Parkin.
260 ## - PUBLICATION, DISTRIBUTION, ETC. (IMPRINT)
Place of publication, distribution, etc. Canada :
Name of publisher, distributor, etc. University of Toronto press,
Date of publication, distribution, etc. c1964.
300 ## - PHYSICAL DESCRIPTION
Pagination xvi, 555 p. :
Illustrations ill. ;
Size 23 cm.
500 ## - GENERAL NOTE
General note Includes index.
600 ## - SUBJECT ADDED ENTRY--PERSONAL NAME
Personal name Bell, Alexander Graham,
Dates associated with a name 1847-1922.
Personal name Baldwin, Frederick Walker,
Dates associated with a name 1882-1948.
650 ## - SUBJECT ADDED ENTRY--TOPICAL TERM
Topical term or geographic name as entry element Aeronautics
General subdivision Research
Form subdivision History.
9 (RLIN) 201485
942 ## - ADDED ENTRY ELEMENTS (KOHA)
Source of classification or shelving scheme Dewey Decimal Classification
Koha item type Books
Holdings
Lost status Source of classification or shelving scheme Damaged status Not for loan Collection code Permanent Location Current Location Shelving location Date acquired Source of acquisition Total Checkouts Full call number Date last seen Copy number Koha item type
  Dewey Decimal Classification   Not For Loan Non-fiction Central Library, University of Rajshahi Central Library, University of Rajshahi Reading Room 30/06/1966 Asia Foundation   629.130092 PAB 1964 29/03/2017 C-1 Books